000 00544nam a22001937a 4500
003 KOHA_MİRAKIL
005 20251014151422.0
008 251014b tu ||||| |||| 00| 0 tur d
020 _a9786050839197
040 _aTR-AnABB
_btur
_cTR-AnABB
041 _atur
082 _a813.42
_bTIR 2021
100 1 _aTiryakioğlu, Okay,
245 1 0 _aBarbaros Hayreddin Paşa /
_cOkay Tiryakioğlu
260 _aİstanbul :
_bTimaş Yayınları,
_c2021
300 _a288 sayfa ;
_c21 cm
650 0 4 _aTürk edebiyatı, roman
942 _2ddc
_cBK
999 _c9156
_d9156
900 _bGizem YORULMAZ